000 01038nam a2200397 c 4500
001 a5430
003 DO-SdBNP
005 20221109062556.0
007 a5430
008 131114s1981 sp | |||| 000 f spa
015 _a
017 _a
_b
020 _a8402079202
035 _a
040 _aBPMSU
_bspa
_cBPMSU
_e
041 1 _h
080 _a
082 4 _a813.5
_bS425h 1981
_2 22
100 1 _aFitzgerald, F. Scott
_d1896-1940
240 1 0 _a
_l
245 1 3 _aHermosos y malditos /
_cFrancis Scott Fitzgerald; traducción de José Luis López Muñoz
_b
250 _a
260 _aMadrid :
_bClub Bruguera,
_c1981
300 _a446 p. :
_c24 cm.
_b
336 _a
_2
337 _a
_2
490 0 _aLiteratura universal Bruguera
500 _a
534 _aTítulo original. :
_tThe beautiful and the damned.
590 _6Inventariado, 2022/VM
650 _aNovela estadounidense
650 _aNNovela amorosa
700 1 _a
_e
910 _aVMateo V. /Validado
942 _2ddc
_cBK
999 _c13247
_d13247